000
00259nam a2200121Ia 4500
100
_a
Mukhi/ Vijay
942
_c
BK
654
_a
Computer
245
_a
''''C'''' Odyssey C++ Graphics
260
_b
BPB Pub
_a
New Delhi
_c
1992
546
_a
ENGLISH
999
_c
29711
_d
29711